Walt Disney World Attractions to Parks - Click Quiz - Statistics

General Stats
  • This quiz has been taken 73 times
  • The average score is 22 of 28
Answer Stats
Hint Answer % Correct
Twilight Zone Tower of Terror
88%
Kilimanjaro Safaris
86%
Mission: SPACE
84%
Expedition Everest
84%
Kali River Rapids
84%
Big Thunder Mountain Railroad
84%
Pirates of the Caribbean
84%
Seven Dwarfs Mine Train
84%
Dumbo the Flying Elephant
84%
Wildlife Express Train
82%
“It’s a Small World”
82%
Rise of the Resistance
80%
Remy’s Ratatouille Adventure
80%
Spaceship Earth
80%
Na’vi River Journey
80%
Haunted Mansion
80%
Tiana’s Bayou Adventure
80%
Jungle Cruise
80%
Toy Story Mania
78%
Millennium Falcon: Smugglers Run
78%
Star Tours – The Adventures Continue
78%
Avatar Flight of Passage
78%
TRON Lightcycle / Run
78%
Soarin’ Around the World
76%
Slinky Dog Dash
74%
Test Track (3.0)
74%
Guardians of the Galaxy: Cosmic Rewind
72%
Space Mountain
72%
No matching quizzes found
Score Distribution
Percent of People with Each Score
Percentile by Number Answered
Your Score History
You have not taken this quiz